| 000 | 00530pam a2200193 a 4500 | ||
|---|---|---|---|
| 020 |
_a9780443069239 _c1080.00 |
||
| 041 |
_aeng _hNULL |
||
| 082 |
_a618.2 _bSTU/TAN |
||
| 100 | _aSTUDD, J.,TAN S.L.,CHERVENAK F. | ||
| 245 |
_aPROGRESS IN OBSTETRICS & GYNAECOLOGY VOL-18 / _cNULL. _hTextual Documents |
||
| 260 |
_aNULL : _bELSEVIER , _c2008. |
||
| 300 |
_a452 : : _bXI ; ; _cA4 . + _ePB. |
||
| 365 |
_a1080.00 _e1 |
||
| 700 | _aTAN, S . | ||
| 907 | _a6508 | ||
| 930 | _a2782 | ||
| 999 |
_c797317 _d797317 |
||
| 650 | _aOBST.GYNE | ||